Carregant...

A study on dynamics of dust grains in the moon using lunar prospector spacecraft data

Dades bibliogràfiques
Autor principal: Rakesh Chandran
Publicat: Dept Of Physics, University of Kerala 2019
Matèries:
LEADER 00558nam a2200193 4500
020
082 |a THE-PhD19 199 
100 |a Rakesh Chandran 
245 |a A study on dynamics of dust grains in the moon using lunar prospector spacecraft data 
250
260 |a Dept Of Physics, University of Kerala  |c 2019 
300
490
500
590
650 |a Dr.G.Renuka 
942 |c THESIS 
999 |c 87464  |d 87464 
952 |0 0  |1 0  |4 0  |6 THE_PHD19_199_000000000000000  |7 0  |9 100932  |a PHY  |b PHY  |l 0  |o THE-PhD19 199  |p PHYxx852  |r 2019-09-24  |w 2019-09-24  |y THESIS